000 00323nam a22001337a 4500
008 170725b xxu||||| |||| 00| 0 eng d
020 _a9781883285463
041 _aeng
080 _a004
100 _a29
101 _aSHK
245 _aOVERCONNECTED THE PROMISE AND THREAT OF THE INTERNET
_cDAVIDOW,W.H
942 _2udc
_cBK
999 _c21890
_d21890